Estadísticas del Agua en México / Comisión Nacional del Agua (Registro nro. 25547)
[ vista simple ]
| 000 -LÍDER | |
|---|---|
| fixed length control field | 00431nam a2200145 4500 |
| 020 ## - NÚMERO INTERNACIONAL NORMALIZADO PARA LIBROS | |
| ISBN | 978-968-817-852-2 |
| 050 ## - SIGNATURA TOPOGRAFICA DE LA BIBLIOTECA DEL CONGRESO (LC) | |
| Número de Clasificación | TD345 C743 2007 |
| 082 ## - NUMERO DE CLASIFICACION DECIMAL DEWEY | |
| Número de Clasificación | 628.161 C743e |
| 110 ## - ASIENTO PRINCIPAL--NOMBRE CORPORATIVO | |
| Nombre corporativo o de jurisdicción como elemento de entrada | Comisión Nacional del Agua |
| 245 ## - TÍTULO | |
| Título | Estadísticas del Agua en México / Comisión Nacional del Agua |
| 250 ## - MENCIÓN DE EDICIÓN | |
| Mención de edición | 2 Reimp. 2007 |
| 260 ## - PUBLICACIÓN, DISTRIBUCIÓN, ETC. (PIE DE IMPRENTA) | |
| Lugar de publicación, distribución, etc. | México : SEMARNAT |
| 300 ## - DESCRIPCIÓN FÍSICA | |
| Extensión | 259 p. / 28 cm. |
| 650 ## - ASIENTO SECUNDARIO DE MATERIA - TERMINO TEMÁTICO | |
| Término temático o nombre geográfico como elemento de entrada | 1. ESTADÍSTICA / 2. UTILIZACIÓN DEL AGUA |
| No. biblioteca | No. biblioteca | Número de clasificación | Código de barras/Número de adquisición | Número de copia | Tipo de material |
|---|---|---|---|---|---|
| ÁREA DE QUÍMICA | ÁREA DE QUÍMICA | 628.161 C743e | 12002 | 1 | Libros |
